00597nam a2200193Ia 4500008004100000016001400041020001300055040001700068050001800085082001300103100002600116245008000142260004600222300003200268563001000300650004200310650002900352650002200381210303s9999 xx 000 0 und d 2retro2022 a80189636 aNLNbEnglish aTL245.5 b.J6 a 629.231 aJONES, Ian Shoreeaut 4aThe effect of vechicle characteristics on road accidents /cIan Shore Jones aOxford, New York :bPergamon Press,c1976 axiii, 219p.b: ill. ; 22cm. a(pbk) aAutomobilesvHandling Characteristics aStability of automobiles aTraffic accidents